Vista normal
Vista MARC
Entrada Personal Name
Número de registros utilizados en: 1
001 - CONTROL NUMBER
- control field: 14013
003 - CONTROL NUMBER IDENTIFIER
- control field: OSt
005 - DATE AND TIME OF LATEST TRANSACTION
- control field: 20210226125501.0
008 - FIXED-LENGTH DATA ELEMENTS
- fixed length control field: 210226|| aca||aabn | a|a d
040 ## - CATALOGING SOURCE
- Original cataloging agency: OSt
- Transcribing agency: OSt
100 ## - HEADING--PERSONAL NAME
- Personal name: Samper Brush, José María,
- Chronological subdivision: 1856-1926
670 ## - SOURCE DATA FOUND
- Source citation: Work cat.: (OSt): Gimnasio Moderno, autor 14012, En memoria de don José María Samper Brush : , 1996